| 000 | 01134nam2a22002531 4500 | ||
|---|---|---|---|
| 001 | rc\4731919 | ||
| 005 | 20250612164111.0 | ||
| 021 |
_aRU _b[63-60668] |
||
| 035 | _a(NLR Aleph) 008733304 | ||
| 090 |
_a9489287 _c9489287 |
||
| 100 | _a20130416d1963 |||y0rusy50 ca | ||
| 101 | 0 | _arus | |
| 102 | _aRU | ||
| 105 | _ay z ||||| | ||
| 200 | 1 |
_aХолодильные установки морских судов _e[Утв. 24/IV 1963 г.] |
|
| 210 |
_aЛенинград _cМор. транспорт _d1963 |
||
| 215 |
_a27 с. _d26 |
||
| 461 | 0 |
_1001rc\4731915 _12001#$aПравила классификации и постройки морских судов$fРегистр СССР$vЧ. 6 _99489267 _cМосква _d1965 _fРегистр СССР _nТранспорт _tПравила классификации и постройки морских судов _vЧ. 6 |
|
| 606 |
_aХолодильные установки, судовые _xПравила постройки и классификации (ч. 6) _2psbo |
||
| 801 | 0 |
_aRU _bNLR _gpsbo |
|
| 801 | 1 |
_aRU _bELAR _2rusmarc |
|
| 852 |
_aNLR _jПт 90.1/94 |
||
| 942 | _cBOOK | ||
| 980 | _aNB | ||